Normal view
MARC view
- Jaisingh,S.etal.
Entry Personal Name
001 - CONTROL NUMBER
- control field: 6556
003 - CONTROL NUMBER IDENTIFIER
- control field: OSt
005 - DATE AND TIME OF LATEST TRANSACTION
- control field: 20180220123824.0
008 - FIXED-LENGTH DATA ELEMENTS
- fixed length control field: 180220|| aca||aabn | a|a d
040 ## - CATALOGING SOURCE
- Original cataloging agency: OSt
- Transcribing agency: OSt
100 ## - HEADING--PERSONAL NAME
- Personal name: Jaisingh,S.etal.
670 ## - SOURCE DATA FOUND
- Source citation: Work cat.: (OSt): Jaisingh,S.etal., In Search of Green Life Environmental Studies-IV, 2013